00337 a2200121 450000100060000010000170000624500220002326000290004509000150007494200230008999900190011295200840013111938 aLipman, M.H. aPolitical science abBarnes & Nobel booksc c9192d9192 aNUST-CAEcMc36036 c247011d247011 001040708NFICaCAEbCAEd2017-04-03l0pCAE49388r2017-04-05w2017-04-05yBK